Tensiones de las políticas educativas en Colombia: balances y perspectivas
Na minha lista:
| Autor principal: | |
|---|---|
| Formato: | Livro |
| Idioma: | espanhol |
| Publicado em: |
Bogotá
Universidad Pedagógica Nacional
2002
|
| Assuntos: | |
| Tags: |
Adicionar Tag
Sem tags, seja o primeiro a adicionar uma tag!
|
MARC
| LEADER | 00000nam a2200000 a 4500 | ||
|---|---|---|---|
| 001 | UCM7838 | ||
| 003 | CL-VaPUC | ||
| 008 | 030110e20020000CK |||||||||||||||||spa|d | ||
| 082 | 0 | 4 | |a 379.0986 |b LIB |2 21 |
| 100 | 0 | |a Libreros Caicedo, Daniel |e author |9 473487 | |
| 245 | 1 | 0 | |a Tensiones de las políticas educativas en Colombia: balances y perspectivas |
| 300 | |a 248 p | ||
| 942 | |c BK | ||
| 945 | |d 20030110 00:00:00 |a cmena | ||
| 260 | |a Bogotá |b Universidad Pedagógica Nacional |c 2002 | ||
| 650 | 0 | |a Política educacional |9 308011 | |
| 650 | 0 | |a Estado y educación |9 311264 | |
| 650 | 0 | |a Planificación de la educación |9 307333 | |
| 651 | 0 | |a Colombia |9 256424 | |
| 583 | |a last modification |c 20030110 00:00:00 |k Rodrigo Vera | ||
| 999 | |c 302498 |d 302496 | ||
| 952 | |0 0 |1 0 |4 0 |6 379_098600000000000_LIB_2002 |7 0 |8 A |9 363116 |a BIBEDU |b BIBEDU |d 2019-11-21 |i 386653K |o 379.0986 LIB 2002 |p 386653K |r 2019-11-21 |w 2019-11-21 |y BK |k EDU | ||